Central Library OPAC University of Rajshahi

Socialism : (Record no. 60854)

MARC details
000 -LEADER
fixed length control field 00728nam a2200241 a 4500
001 - CONTROL NUMBER
control field 60854
003 - CONTROL NUMBER IDENTIFIER
rucl marc code BD-RjUL
005 - DATE AND TIME OF LATEST TRANSACTION
control field 20211209080906.0
008 - FIXED-LENGTH DATA ELEMENTS--GENERAL INFORMATION
fixed length control field 170103s1949 enk b 001 0 eng
035 ## - SYSTEM CONTROL NUMBER
System control number (BD-RjUL)60978
040 ## - CATALOGING SOURCE
Original cataloging agency DLC
Transcribing agency DZM
Modifying agency BD-RjUL
Language of cataloging eng
041 ## - LANGUAGE CODE
Language code of text/sound track or separate title eng
082 ## - DEWEY DECIMAL CLASSIFICATION NUMBER
Edition number 23
Classification number 335
Author mark and year MAS 1949
100 1# - MAIN ENTRY--PERSONAL NAME
Personal name MacKenzie, Norman
9 (RLIN) 181376
245 10 - TITLE STATEMENT
Title Socialism :
Remainder of title a short history /
Statement of responsibility, etc. Norman MacKenzie
260 ## - PUBLICATION, DISTRIBUTION, ETC. (IMPRINT)
Place of publication, distribution, etc. London ;
Name of publisher, distributor, etc. Hutchinson University Library,
Date of publication, distribution, etc. 1949.
300 ## - PHYSICAL DESCRIPTION
Pagination 192 p. ;
Size 19 cm.
490 1# - SERIES STATEMENT
Series statement Hutchinson university library. Politics ;
Volume/sequential designation no.36
500 ## - GENERAL NOTE
General note Includes index
650 #0 - SUBJECT ADDED ENTRY--TOPICAL TERM
Topical term or geographic name as entry element Socialism
General subdivision History
9 (RLIN) 174333
830 #0 - SERIES ADDED ENTRY--UNIFORM TITLE
Uniform title Hutchinson university library.
Volume number/sequential designation no.36
942 ## - ADDED ENTRY ELEMENTS (KOHA)
Source of classification or shelving scheme Dewey Decimal Classification
Koha item type Books
Holdings
Lost status Source of classification or shelving scheme Damaged status Not for loan Collection code Permanent Location Current Location Shelving location Date acquired Source of acquisition Cost, normal purchase price Total Checkouts Full call number Date last seen Copy number Koha item type
  Dewey Decimal Classification     Non-fiction Central Library, University of Rajshahi Central Library, University of Rajshahi Reading Room 08/11/1965 Zeitlinger 15.00   335 MAS 1949 03/01/2017 C-1 Books